Diccionario de psicología

Đã lưu trong:
Chi tiết về thư mục
Tác giả chính: Warren, Howard C (Tác giả)
Định dạng: Sách
Ngôn ngữ:Tiếng Tây Ban Nha
Được phát hành: Ciudad de México Fondo de Cultura Económica 1948
Những chủ đề:
Các nhãn: Thêm thẻ
Không có thẻ, Là người đầu tiên thẻ bản ghi này!

MARC

LEADER 00000nam a2200000 a 4500
001 UCY9919
003 CL-VaPUC
008 950724e19480000MX |||||||||||||||||spa|d
082 0 4 |a 150.03  |b WAR  |2 21 
100 0 |a Warren, Howard C  |e author  |9 342473 
245 1 0 |a Diccionario de psicología 
300 |a 383 p 
942 |c BK 
945 |d 19950724 00:00:00  |a mfernand 
260 |a Ciudad de México  |b Fondo de Cultura Económica  |c 1948 
650 0 |a Psicología   |9 257863 
650 0 |a Diccionarios  |9 256200 
583 |a last modification  |c 19950724 00:00:00  |k Rodrigo Vera 
999 |c 236906  |d 236904 
952 |0 0  |1 0  |4 0  |6 150_030000000000000_WAR_1948  |7 0  |8 X  |9 245385  |a BIBEDU  |b BIBEDU  |d 2019-11-18  |i 1539752  |o 150.03 WAR 1948  |p 1539752  |r 2023-01-13  |w 2019-11-18  |y BK_X  |k EDU